00574nam a2200169Ia 4500008004100000020001800041041000800059082001600067100002200083245006400105250000600169260003900175300001500214650002800229999001900257952012800276210716s2017 xx 000 0 und d a9789332582750 aeng a004.65 SOSA aSosa, Elver Sena. aVCP6-NV official cert guide: exam #2V0-641.bExam #2V0-641. a1 aNew DelhibPearson Educationc2017 axxviii,623 aComputer Network(004.6) c196507d196507 001040708MCAaAIMITbAIMITeBook Paradiseg869.00l0o004.65 SOSApMCA16022r2025-07-21 00:00:00v608.30w2021-07-16yBK